000 00576nam a2200229Ia 4500
003 OSt
005 20220924132244.0
006 a|||||r|||| 00| 0
007 ta
008 220923b |||||||| |||| 00| 0 hin d
024 _a39129
037 _cTextual
040 _aARTS
_cARTS
_bhin
041 _2hin
_ahin
082 _aO15v2:D, 152J6
100 _aUpadhyaya Ramji
245 0 _aSanskrit sahitya ka itihaas
260 _c1956
650 _aENGLISH LITERATURE
942 _hO15v2:D, 152J6
_cTEXL
_2CC
999 _c429789
_d429789